| 000 | 00371 a2200157 4500 | ||
|---|---|---|---|
| 001 | 168779 | ||
| 020 | _a | ||
| 040 | _cMagnum | ||
| 100 | _aLane, Silvia T. M. (Org.) | ||
| 240 | 1 | 0 |
_aPsicologia social: o homem em movimento _lpor |
| 245 | 1 | 0 | _aPsicologia social: o homem em movimento |
| 362 | 0 | _a1899 | |
| 440 | 1 | _aBrasiliense | |
| 697 | _aPSICOLOGIA | ||
| 942 | _cBK | ||
| 999 |
_c168779 _d168779 |
||